| 000 | 01576 a2200241 4500 | ||
|---|---|---|---|
| 001 | 21661 | ||
| 005 | 20260407155507.0 | ||
| 008 | 260407a2004 arg spa d | ||
| 003 | AR-UNSa-BCEJYS | ||
| 040 |
_aAR-UNSa-BCEJYS _bspa _cAR-UNSa-BCEJYS |
||
| 080 |
_a336.225 _xMétodo de tributación y administración de impuestos |
||
| 245 | 1 | 0 |
_aProcedimiento Tributario _pley 11.683,dcto.618/97 |
| 020 | _a987-03-0303-X | ||
| 250 | _a2a. ed. | ||
| 264 | 1 |
_aBuenos Aires : _bLa Ley _c2004 |
|
| 300 |
_alxxxi, 716 p. _c24 cm. |
||
| 505 | _a1ºParte :1. Disposiciones generales - 2. Sujeto de los deberes impositivos - 3. Determinación y percepción de impuestos - 4. Del pago - 5. Verificación y fiscalización - 6. Intereses, ilícitos y sanciones - 7. Responsabilidades de las sanciones - 8. De la prescripción - 9. Procedimiento penal y contencioso administrativo - 10. Procedimiento contencioso judicial - 11. Juicio de ejecución fiscal - 12. Disposiciones varias - 13. Régimen especial de fiscalización - 14. Cuenta de jerarquización - 15. Régimen de actualización - 2º Parte: 1. De la organización y competencia de los tribunales fiscales y actuación ante ellos - 2. De las acciones y recursos - 3. De la sentencia del tribunal - 4. Disposiciones generales - 3º Parte : Otras disposiciones. | ||
| 942 | _cBK | ||
| 590 | _aniveau_biblio:m niveau_hierar:0 | ||
| 100 | 1 | _aFolco, Carlos Maria | |
| 700 | 1 | _aGómez, Teresa | |
| 856 | 4 | 1 |
_uhttps://biblioeco.unsa.edu.ar/pmb/images/libros/Procedimiento Tributario(Teresa G?mez).jpg _yImagen de portada _qimage/jpeg |
| 999 |
_c836 _d836 |
||